00730nam a22001937a 450000500170000001000150001702000110003203500140004303700130005708200120007010000310008224500800011326000590019327000750025230000260032794200260035399900190037995201380039820171027145953.0 aENG-120935 c200.00 aEN-104467 bDBAD/PUB a133.333 aChowdhary, Thimmaiah Golla aControlling of the five elements is vaasthu /cby Golla Thimmaiah Chowdhary aAnantapuramubGolla Thimmaiah chowdhary (Author)c2015 aD.No. 6-3-149, Flat NO. 204, Comfort Residency, RamnagarbAnantapuramu axxxv,283p.c22cm(pbk) 2ddccENmCHOh133.333 c146945d146945 001040718NFICaDBADbDBADd2017-10-27eDBAD/PUBg200.00l0o133.333 CHOpEN-104467r2017-10-27 00:00:00t1v200.00w2017-10-27yEN